00666nai a2200169Ia 4500003000900000008004100009022002200050022002300072040001600095245005200111260008600163310001400249362002800263521006900291650004600360856009000406IN-BaIIA211028c9999 xx s 000 0 eng d a0096-2422 (Print) a2168-1708 (Online) cIIA Library 0aIRE Transactions on Component Partsh[eJournal] aNew York, USAbThe Institute of Electrical and Electronics Engineers, Inc. (IEEE) aQuarterly a3(1); 1955 - 9(4); 1962 bSubscribed through National Knowledge Resource Consortium (NKRC) aComponents, Circuits, Devices and Systems uhttps://ieeexplore.ieee.org/servlet/opac?punumber=8222yClick Here to Access eJournal